Multiple Meaning Countries - Statistics

General Stats
  • This quiz has been taken 1,699 times
  • The average score is 35 of 64
Answer Stats
Hint Answer % Correct
Click the answer with the most letters. Czech Republic
69%
Click the one with two words. Czech Republic
68%
Click the British queen. Victoria
68%
Click the Australian state. Victoria
68%
Click the one with horns. Buffalo
67%
Click one that can have "Bissau" added. Guinea
67%
Click the answer that starts with a vowel. Iran
67%
Click the one with the least letters. Iran
67%
Click one with double letters (like "tt" in letters). Buffalo
66%
Click the one that is a shoe brand when "Air" is added. Jordan
66%
Click the one associated with Thanksgiving. Turkey
66%
Click the animal that can weigh over 1,000 kg. Buffalo
65%
Click porcelain. China
65%
Click one where "N" swaps with "Q" to make a country. Iran
65%
Click a country in Africa. Guinea
64%
Click the greatest basketball player. Jordan
64%
Click the one that features "Y" as a vowel. Turkey
64%
Click David Beckham's wife. Victoria
64%
Click the one who married Albert. Victoria
64%
Click the one that is in New York state. Buffalo
63%
Click the communist one. China
63%
Click one with an equatorial counterpart. Guinea
63%
Click one that sounds fairly similar to the element Fe. Iran
63%
Click the one that has feathers. Turkey
63%
Click the one most associated with the Ottoman Empire. Turkey
63%
Click the one formerly known as Persia. Iran
62%
Click the largest African lake. Victoria
62%
Click the capital of the Seychelles. Victoria
62%
Click the answer with the highest Scrabble score. Czech Republic
61%
Click the one that lays eggs. Turkey
61%
Click the Canadian provincial capital. Victoria
61%
Click the one who is a gunslinger when "Bill" is added. Buffalo
60%
Click the answer with the lowest Scrabble score. Iran
60%
Click the one that has milk. Buffalo
59%
Click the most populous answer. China
59%
Click the one with a shorter alternate name. Czech Republic
59%
Click one that's a rodent when it's a pig. Guinea
59%
Click a transcontinental country. Turkey
59%
Click the location of Amman. Jordan
58%
Click the Roman goddess of victory. Victoria
57%
Click the one with an NHL team. Buffalo
56%
Click a good gift for my grandmother who liked tea. China
56%
Click an answer spelled with a "K". Turkey
56%
Click a shop where a bull might cause damage. China
55%
Click a word that is used in reference to quitting smoking. Turkey
54%
Click the permanent member of the UN Security Council. China
53%
Click the director of "Get Out" and "Us". Jordan
52%
Click one with three syllables. Buffalo
51%
Click the longest single word. Victoria
50%
Click an old English currency. Guinea
49%
Click a gold coin. Guinea
47%
Click the synonym of "bully". Buffalo
46%
Click the largest river. Jordan
44%
Click the bowling term. Turkey
41%
Click a word one may use about a medical test subject. Guinea
40%
Click the one that has a "water" variety. Buffalo
38%
Click the one with a wattle. Turkey
38%
Click the one that is a ragtime dance with "trot" added. Turkey
35%
Click the one whose leader's name is a Greek letter. China
34%
Click one that resembles a turkey when it's fowl. Guinea
30%
Click one pardoned many times by the US president. Turkey
26%
Click the one that had a velvet divorce. Czech Republic
25%
Click the hit single by "Flock of Seagulls". Iran
15%
Click the gregarious one. Buffalo
12%
No matching quizzes found
Score Distribution
Percent of People with Each Score
Percentile by Number Answered
Your Score History
You have not taken this quiz